Liste des jeux Metroid - Statistiques

Statistiques générales
  • Ce quiz a été pris 158 fois
  • Le résultat moyen est 13 sur 16
Statistiques - réponses
Année Jeu % Correct
1986 Metroid
100%
2002 Metroid Prime
97%
2023 Metroid Prime: Remastered
97%
2004 Metroid Prime 2: Echoes
95%
2007 Metroid Prime 3: Corruption
95%
1994 Super Metroid
94%
2021 Metroid Dread
91%
1991 Metroid II: Return of Samus
89%
2002 Metroid Fusion
85%
2004 Metroid Zero Mission
78%
2010 Metroid: Other M
76%
2016 Metroid Prime: Federation Force
63%
2006 Metroid Prime: Hunters
62%
2017 Metroid: Samus Returns
58%
2005 Metroid Prime: Pinball
54%
2009 Metroid Prime: Trilogy
41%
Aucun quiz correspondant
Distribution des résultats
% des personnes avec chaque résultat
Percentile par nombre de réponses
Votre historique - résultats
Vous n’avez pas pris ce quiz